LEADER 01760nas 2200589-a 450 001 996212441303316 005 20220322213019.0 011 $a1878-3651 035 $a(DE-599)ZDB2011586-6 035 $a(OCoLC)41208263 035 $a(CKB)954925565692 035 $a(CONSER)--2008233901 035 $a(EXLCZ)99954925565692 100 $a19990419b19892003 s-- - 101 0 $aeng 135 $aurmn||||||||| 181 $ctxt$2rdacontent 182 $cc$2rdamedia 183 $acr$2rdacarrier 200 10$aAnalytical cellular pathology $ejournal of the European Society for Analytical Cellular Pathology 210 $aAmsterdam $cIOS Press 300 $aRefereed/Peer-reviewed 311 $a0921-8912 531 $aANAL CELL PATHOL 531 $aANAL CELL P 606 $aPathology, Cellular$vPeriodicals 606 $aCytology$vPeriodicals 606 $aCells$xpathology 606 $aCytological Techniques 606 $aImage Processing, Computer-Assisted 606 $aHistology$2ebps 606 $aPathology$2ebps 606 $aCytology$2fast$3(OCoLC)fst00886282 606 $aPathology, Cellular$2fast$3(OCoLC)fst01054974 608 $aPeriodical. 608 $aPeriodicals.$2fast 615 0$aPathology, Cellular 615 0$aCytology 615 2$aCells$xpathology. 615 2$aCytological Techniques. 615 2$aImage Processing, Computer-Assisted. 615 7$aHistology. 615 7$aPathology. 615 7$aCytology. 615 7$aPathology, Cellular. 676 $a571.936 676 $a611 712 02$aEuropean Society for Analytical Cellular Pathology. 906 $aJOURNAL 912 $a996212441303316 996 $aAnalytical cellular pathology$92072393 997 $aUNISA LEADER 01551nam 2200469 450 001 9910578689903321 005 20221221131415.0 010 $a3-030-83328-3 035 $a(MiAaPQ)EBC7017531 035 $a(Au-PeEL)EBL7017531 035 $a(CKB)23842958100041 035 $aEBL7017531 035 $a(AU-PeEL)EBL7017531 035 $a(PPN)269150277 035 $a(EXLCZ)9923842958100041 100 $a20221221d2022 uy 0 101 0 $aeng 135 $aurcnu|||||||| 181 $ctxt$2rdacontent 182 $cc$2rdamedia 183 $acr$2rdacarrier 200 00$aHandbook of practical immunohistochemistry $efrequently asked questions /$fFan Lin [and three others], editors 205 $aThird edition. 210 1$aCham, Switzerland :$cSpringer,$d[2022] 210 4$dİ2022 215 $a1 online resource (1044 pages) 300 $aDescription based upon print version of record. 311 08$aPrint version: Lin, Fan Handbook of Practical Immunohistochemistry Cham : Springer International Publishing AG,c2022 9783030833275 320 $aIncludes bibliographical references and index. 606 $aImmunohistochemistry 606 $aImmunohistochemistry$vHandbooks, manuals, etc 615 0$aImmunohistochemistry. 615 0$aImmunohistochemistry 676 $a616.0756 702 $aLin$b Fan$f1962- 801 0$bMiAaPQ 801 1$bMiAaPQ 801 2$bMiAaPQ 906 $aBOOK 912 $a9910578689903321 996 $aHandbook of Practical Immunohistochemistry$91762868 997 $aUNINA LEADER 01261nam 2200421 450 001 9910824119403321 005 20230803213321.0 010 $a2-36493-460-5 035 $a(CKB)3710000000416643 035 $a(MiAaPQ)EBC5709826 035 $a(Au-PeEL)EBL5709826 035 $a(OCoLC)1088331738 035 $a(EXLCZ)993710000000416643 100 $a20190312d2014 uy 0 101 0 $afre 135 $aurcnu|||||||| 181 $ctxt$2rdacontent 182 $cc$2rdamedia 183 $acr$2rdacarrier 200 10$aDe l'ae?rodynamique a? l'hydraulique $eun sie?cle d'e?tudes sur mode?les re?duits /$fHenri-Claude Boisson, Pierre Crausse 210 1$aToulouse, France :$cCe?padue?s-E?ditions,$d[2014] 210 4$dİ2014 215 $a1 online resource (182 pages) $cillustrations 311 $a2-36493-093-6 606 $aHydraulic models 606 $aAerodynamics 615 0$aHydraulic models. 615 0$aAerodynamics. 676 $a627.011 700 $aBoisson$b Henri-Claude$01178874 702 $aCrausse$b Pierre 801 0$bMiAaPQ 801 1$bMiAaPQ 801 2$bMiAaPQ 906 $aBOOK 912 $a9910824119403321 996 $aDe l'ae?rodynamique a? l'hydraulique$94052525 997 $aUNINA